003140000a220010900045000410008000000820016000081000034000242450078000582600046001363000016001820010006001980 aENG04aG 956 R991f1 aRycroft, W. Stanley (William)10aA factual study of the middle east / W. Stanley Rycroft, Myrtle M. Clemer aNew York, N.Y., USA : Office for Research aXI, 149 Pag11582